000 00400nam a22001457a 4500
082 _a952.031
_bYIN
100 _aDonat, Karl Von
_949471
245 _aThe Russo-Japanese war
_cDonat, Karl Von
260 _aLondon
_bHugh Ress, Ltd
_c1910
300 _axv, 136.p:
526 _a0
_b0
_c0
_d952_031000000000000_YIN
526 _a0
_b0
_c0
_d952_031000000000000_YIN
650 _aMCE
_9379
942 _2ddc
_cBK
999 _c553087
_d553087